[Event "Kurnosov Memorial Rapid 2018"]
[Site "Chelyabinsk"]
[Date "2018.09.08"]
[Round "7"]
[White "Maletin, Pavel"]
[Black "Yakovich, Yuri"]
[Result "0-1"]
[WhiteElo "2621"]
[BlackElo "2502"]
[Annotator "TA"]
[PlyCount "82"]
[EventDate "2018.09.07"]
[EventType "swiss"]
[EventCountry "RUS"]
[SourceTitle "playchess.com"]
[Source "ChessBase"]
[SourceQuality "1"]

{[%evp 17,82,0,0,-16,-5,-6,-13,-37,-37,-34,-32,-37,-10,-9,0,-25,-13,-50,-15,-29,-25,-38,-34,-69,-69,-80,-71,-95,-53,-71,0,0,0,-55,-47,-131,-112,-121,-119,-111,0,0,0,-54,-51,-242,-243,-243,-221,-361,-353,-402,-259,-329,-222,-202,-212,-6219,-10600,-29985,-29986,-12829,-1755,-5069,-5065,-29987,-29988]} 1. c4 e6 2. Nf3 d5 3. b3 d4 4. e3 (4. g3 c5 5. Bg2 Nc6 6. O-O e5 7. d3 Be7 8. e3 Nf6 9. exd4 cxd4 10. Re1 Nd7 11. Na3 O-O {0-1 (40) Topalov,V (2761)-Caruana,F (2804) Paris 2016}) 4... c5 5. exd4 cxd4 6. g3 {A13: Reti-Eröffnung} Nc6 7. Bg2 Nf6 8. O-O Bc5 9. d3 O-O {LiveBook: 4 Partien} 10. Bg5 h6 $146 ({Vorgänger:} 10... e5 11. Nbd2 {1-0 (62) Tsoi,D (2381)-Iljin,T (2305) St Petersburg 2017}) 11. Bxf6 $1 Qxf6 12. a3 a5 13. Nbd2 Qe7 14. Qc1 e5 15. Ne4 Bf5 16. Nh4 Bh7 17. Re1 Rfe8 18. Bh3 b6 19. Nf5 Qf8 $1 20. f4 Rad8 21. Rf1 Kh8 22. Ra2 g6 {[%cal Bg7g6,Bg6g5,Bg5g4][%mdl 32]} 23. Nh4 {[#] Droht f5 und aus.} f5 (23... exf4 $1 $17 {Und ...g5 würde nun gewinnen.} 24. Qxf4 Ne5) 24. Nxc5 $11 bxc5 25. fxe5 (25. Bg2 $11 Nb8 26. Re1) 25... Nxe5 $15 26. Qd2 ({Besser ist} 26. Qd1 $15) 26... g5 $36 {[%mdl 2048] Weiss steht unter starkem Druck.} 27. Nxf5 g4 28. Nh4 Nf3+ (28... Qg8 $17 29. Bg2 Qg5 30. Qxa5 Qe3+ 31. Kh1 Bxd3) 29. Nxf3 $11 gxf3 30. Qd1 (30. Bg2 $11 Re3 31. Qxa5) 30... Re3 $15 {zielt auf ...De7 ab.} 31. Bg4 $2 (31. Raf2 $15 Rxd3 32. Rxf3 Rxd1 33. Rxf8+ Rxf8 34. Rxd1) 31... Bxd3 $19 ({Lieber nicht} 31... Rxd3 32. Rd2 $14) 32. Rxf3 Qe7 33. Rxe3 (33. Qd2 $142 Re1+ 34. Kf2 Re2+ 35. Qxe2 Bxe2 36. Rxe2) 33... Qxe3+ 34. Kg2 {[#]} a4 $1 {[%mdl 512]} 35. bxa4 Bxc4 36. Rf2 Bd5+ ({Schlechter ist} 36... Qxa3 37. Qb1 $11) 37. Bf3 $2 (37. Kf1 Rb8 38. Bf5) 37... Rf8 38. Qf1 Rxf3 39. Rxf3 d3 (39... c4 $142 40. Qf2 c3) 40. Qf2 Qe2 41. g4 Bxf3+ {Precision: Weiß = 18%, Schwarz = 71%.} 0-1

[Event "Kurnosov Memorial Rapid 2018"]
[Site "Chelyabinsk"]
[Date "2018.09.08"]
[Round "7"]
[White "Bocharov, Ivan"]
[Black "Andreikin, Dmitry"]
[Result "1-0"]
[WhiteElo "2590"]
[BlackElo "2731"]
[Annotator "TA"]
[PlyCount "139"]
[EventDate "2018.09.07"]
[EventType "swiss"]
[EventCountry "RUS"]
[SourceTitle "playchess.com"]
[Source "ChessBase"]
[SourceQuality "1"]

{[%evp 18,139,52,61,64,47,71,58,62,62,65,60,58,41,68,27,106,87,178,161,139,141,192,189,286,281,349,329,397,394,636,374,360,368,364,374,466,445,486,471,466,489,477,471,588,523,512,485,872,846,814,825,783,706,640,451,616,623,732,721,711,710,754,716,1743,1646,1678,1683,1868,1811,1859,1746,1746,1674,1431,829,716,600,837,787,1091,953,2036,3570,1977,1067,1115,1162,949,998,984,887,839,548,840,833,813,814,733,780,745,656,1853,1165,12847,12847,12848,12846,12847,12847,12850,29982,29982,29981,29981,29982,29982,29983,29983,29984,29984,29985,29985,29986]} 1. e4 c5 2. Nf3 e6 3. d4 cxd4 4. Nxd4 a6 5. c4 Nf6 6. Nc3 Bb4 7. Qd3 {B41: Sicilian: Kan Variation: 5 c4} d6 (7... Qc7 8. Nc2 Bc5 9. Be2 O-O 10. O-O Nc6 11. Kh1 d6 12. f4 Bd7 13. a3 Rad8 14. b4 Ba7 {½-½ (115) Karjakin,S (2782)-Caruana,F (2816) Paris 2018}) 8. Nc2 Ba5 9. b4 Bc7 10. Be2 {LiveBook: 4 Games} Nbd7 11. f4 b6 $146 ({Predecessor:} 11... O-O 12. Bf3 Rb8 13. Be3 b6 14. O-O Bb7 {½-½ (24) Kovacevic,A (2496)-Laketic,G (2427) Kragujevac 2015}) 12. Bf3 {Black must now prevent e5.} Bb7 13. O-O Qb8 14. Be3 O-O 15. Rad1 Rd8 16. Qe2 a5 (16... b5 $1 $11) 17. a3 Nf8 (17... b5 $16) 18. Nd4 $18 axb4 19. axb4 Rc8 (19... Ng6 $16 {is a better defense.} 20. g3 e5) 20. Ndb5 Ne8 (20... Bc6 {keeps fighting.} 21. g3 Ng6) 21. f5 Bd8 22. fxe6 Nxe6 23. Bg4 Bc6 $2 (23... Nf8 24. Bxc8 Qxc8 25. Nxd6 Nxd6) 24. Qf2 Bf6 25. Nd5 Bxb5 26. cxb5 Rc4 27. Nxb6 Rxe4 28. Bf5 Rxb4 29. Nxa8 Qxa8 30. Rb1 Ra4 31. b6 Qb7 32. Qc2 Ra5 (32... Ra8 $142 33. Bxh7+ Kf8) 33. Bxh7+ Kh8 34. Be4 d5 35. Rf5 Nd6 36. Rh5+ Kg8 37. Bf3 g6 {[#]} 38. Rxd5 $1 {[%mdl 512]} Rxd5 39. Qb3 Nd4 40. Qxd5 Ne2+ 41. Kf2 Qxd5 42. Bxd5 Nc3 43. b7 Nxb7 {[#]} 44. Bxf7+ $1 {[%mdl 512]} Kxf7 45. Rxb7+ {[%mdl 4096] Endgame KRB-KBN} Ke6 46. Kf3 Nd5 47. Ra7 Nb4 48. Bd2 Nc6 49. Ra6 Kd5 50. Bf4 Bc3 51. Kg4 Bf6 52. h3 Be7 53. Ra1 Ke6 54. Re1+ Kf7 55. Kf3 Nd4+ 56. Ke4 Ne6 57. Be3 Nc7 58. Rc1 Ne8 59. Bd4 Nd6+ 60. Kd5 Nf5 61. Rf1 Ke8 62. Bc5 Bxc5 63. Kxc5 Ke7 64. Rxf5 gxf5 {KPP-KP. White mates.} 65. Kd4 Kf6 66. Ke3 Kg5 67. Kf3 Kg6 68. Kf4 Kf6 69. h4 Kg6 70. g3 {Precision: White = 84%, Black = 25%.} 1-0

[Event "Kurnosov Memorial Rapid 2018"]
[Site "Chelyabinsk"]
[Date "2018.09.08"]
[Round "7"]
[White "Yuffa, Daniil"]
[Black "Lysyj, Igor"]
[Result "1-0"]
[WhiteElo "2563"]
[BlackElo "2667"]
[Annotator "TA"]
[PlyCount "79"]
[EventDate "2018.09.07"]
[EventType "swiss"]
[EventCountry "RUS"]
[SourceTitle "playchess.com"]
[Source "ChessBase"]
[SourceQuality "1"]

{[%evp 11,79,-21,-18,-55,-8,-70,-26,-34,-34,-18,-19,-46,-21,-22,0,-31,-30,-38,-30,-31,-35,-95,-70,-121,-117,-112,-103,-109,-84,-134,-122,-125,-127,-195,-202,-177,-182,-191,-172,-179,-131,-235,-225,-208,-144,-155,-128,-136,-115,-135,-92,-98,-33,-26,-48,-42,0,0,2660,2572,2512,2484,2455,2358,2483,1753,29988,29989,29989,29990]} 1. d4 d5 2. c4 e6 3. Nf3 dxc4 4. Qa4+ Nd7 5. Qxc4 Ngf6 6. Bg5 a6 {LiveBook: 23 Games. D30: Queen's Gambit Declined: Systems without Nc3} 7. e4 h6 $146 ({Predecessor:} 7... c5 8. e5 h6 9. Bh4 b5 10. Qc1 g5 11. Bg3 Ne4 12. Bd3 Nxg3 13. hxg3 Bb7 14. a4 {½-½ (55) Balog,I (2548)-Gonda,L (2490) Hungary 2017}) 8. Bh4 (8. Bxf6 $11 gxf6 9. Qc2) 8... b5 {Black is slightly better.} 9. Qc6 Rb8 10. Bxf6 gxf6 11. Nbd2 Bb7 (11... Bc5 {seems wilder.} 12. dxc5 Bb7 13. Qxb7 Rxb7 14. c6 Rb6) 12. Qc2 c5 $36 {[%mdl 2048] White is under pressure.} 13. d5 c4 14. Be2 Bg7 15. O-O O-O 16. Rfd1 (16. dxe6 $15 fxe6 17. Rfd1) 16... Qe7 17. Nf1 {[#]} (17. dxe6 $15 fxe6 18. a4) 17... f5 $1 $17 {[%mdl 512]} 18. exf5 exd5 19. Ne3 Nf6 20. Rd4 Rfe8 21. Rad1 Rbd8 22. g4 (22. Bf1 $17 {is a better defense.}) 22... Nh7 $1 $19 23. h4 Bxd4 24. Rxd4 Qc7 25. Qd2 Re4 26. Ng2 (26. Nf1 $17 {was worth a try.}) 26... Qe7 27. Bd1 Qf6 28. Bc2 {[#]} Rxd4 $1 29. Nxd4 Re8 30. f4 Nf8 31. g5 hxg5 ({Black should play} 31... Qe7 $17 32. h5 Qc5) 32. hxg5 $15 Qh8 33. f6 Qh3 34. Nf5 {[#]} Ne6 $2 {[%mdl 8192]} (34... d4 $1 $11 35. Nh6+ (35. Qxd4 Qxg2#) 35... Kh8 36. Nxf7+ Kg8 37. Nh6+ Kh8 38. Nf7+ Kg8 39. Nh6+ Kh8 40. Nf7+) 35. Nh6+ $18 Kh8 36. Nxf7+ Kg8 37. Nh6+ Kh8 38. Bf5 Qf3 39. f7 Rf8 40. Bxe6 {Precision: White = 56%, Black = 59%.} 1-0

[Event "Kurnosov Memorial Rapid 2018"]
[Site "Chelyabinsk"]
[Date "2018.09.08"]
[Round "7"]
[White "Lintchevski, Daniil"]
[Black "Chigaev, Maksim"]
[Result "1/2-1/2"]
[WhiteElo "2550"]
[BlackElo "2587"]
[Annotator "TA"]
[PlyCount "46"]
[EventDate "2018.09.07"]
[EventType "swiss"]
[EventCountry "RUS"]
[SourceTitle "playchess.com"]
[Source "ChessBase"]
[SourceQuality "1"]

{[%evp 16,17,9,6]} 1. e4 e5 2. Nf3 Nc6 3. d4 exd4 4. Bc4 Nf6 5. e5 d5 6. Bb5 Ne4 7. Nxd4 Bd7 8. Bxc6 bxc6 9. O-O {LiveBook: 630 Games} {Predecessor:} Be7 $146 10. f3 Nc5 11. Be3 O-O 12. Nd2 f6 13. exf6 Rxf6 14. Bg5 Rg6 15. Bxe7 Qxe7 16. Re1 Qh4 17. N2b3 Nxb3 18. Nxb3 Rh6 19. Qd4 Qxh2+ 20. Kf2 Rg6 21. Rg1 Rf8 22. Raf1 Re8 23. Rd1 Bh3 {0-1 (23) Adhiban,B (2666)-Volokitin,A (2649) Doha 2016} 1/2-1/2

[Event "Kurnosov Memorial Rapid 2018"]
[Site "Chelyabinsk"]
[Date "2018.09.08"]
[Round "7"]
[White "Goganov, Aleksey"]
[Black "Kokarev, Dmitry"]
[Result "0-1"]
[WhiteElo "2544"]
[BlackElo "2663"]
[Annotator "TA"]
[PlyCount "118"]
[EventDate "2018.09.07"]
[EventType "swiss"]
[EventCountry "RUS"]
[SourceTitle "playchess.com"]
[Source "ChessBase"]
[SourceQuality "1"]

{[%evp 21,118,32,67,0,21,17,30,0,0,0,0,-22,-6,-6,-2,-8,0,-8,-29,-18,-8,-10,-2,-18,-16,-18,-22,-23,-2,-23,-23,-33,-24,-28,-26,-37,-37,-36,-29,-65,-66,-74,-76,-62,-71,-92,-87,-102,-15,-131,-131,-120,-131,-168,-169,-238,-238,-235,-224,-223,-209,-194,-165,-168,-168,-180,-172,-173,-173,-174,-174,-140,-140,-140,-137,-224,-208,-209,-134,-267,-252,-502,-433,-392,-408,-402,-379,-283,-164,-100,-22,-22,-15,-839,-839,-746,-619,-746,-746]} 1. d4 Nf6 2. c4 g6 3. Nf3 Bg7 4. g3 O-O 5. Bg2 c6 6. O-O d5 7. Qb3 Qb6 8. Nc3 Rd8 9. Rd1 {D78: Fianchetto Grünfeld: 6 0-0 c6} (9. Bd2 Bf5 10. Qa3 e6 11. e4 Nxe4 12. Nxe4 dxe4 13. Ba5 Qa6 14. Bxd8 Qxa3 15. bxa3 exf3 16. Bxf3 Nd7 17. Bg5 Bxd4 18. Rad1 e5 19. Rfe1 Nc5 20. Bf6 Nd7 21. Rxd4 exd4 22. Bxd4 {½-½ (22) Mamedyarov,S (2808)-Vachier Lagrave,M (2789) Leuven 2018}) 9... dxc4 10. Qxc4 Be6 11. Qa4 Na6 {LiveBook: 9 Games} 12. Bd2 $146 (12. e4 $14) ({Predecessor:} 12. e4 Bg4 13. h3 Be6 14. Ng5 Bd7 15. Qc2 h6 16. Nf3 Nb4 {½-½ (64) Dreev,A (2652)-Jumabayev,R (2611) Doha 2016}) 12... c5 13. Be1 Rac8 14. Qb5 Nd5 {aiming for ...Nxc3.} 15. Qxb6 axb6 16. e4 Nxc3 17. Bxc3 b5 18. d5 Bg4 19. h3 Bxf3 20. Bxf3 c4 21. e5 Nc5 22. Bg4 Ra8 23. f4 Nd3 24. Bf3 f6 {[%cal Rf6e5]} 25. Be4 (25. d6 {is interesting.} fxe5 26. Bxb7 exd6 27. Bd5+ Kh8 28. Bxa8 Rxa8 29. fxe5 b4 30. Rxd3 cxd3 31. Bxb4 Bxe5 32. Rd1) 25... fxe5 {...b4 is the strong threat.} 26. Bxd3 cxd3 27. Rxd3 exf4 28. Bxg7 Kxg7 29. gxf4 $11 {[%mdl 4096] Endgame KRR-KRR} Ra4 30. Rc1 Rxa2 31. Rc7 Kf6 32. Rd2 b6 33. Rb7 Rd6 $1 34. Kf2 e6 ({Black should play} 34... h5 $17 {Strongly threatening ...e6.} 35. Rc7 Ra4) 35. Rxh7 (35. Kf3 $11) 35... Rxd5 $17 36. Re2 Ra4 37. Rb7 Rxf4+ 38. Kg3 (38. Kg2 $142) 38... Re5 $19 39. Rd2 Rb4 40. Rxb6 Rb3+ 41. Kg2 Rg5+ 42. Kh2 b4 43. Rf2+ Rf5 44. Re2 Re5 45. Rf2+ Ke7 46. Rb7+ Kd6 47. Rd2+ Kc5 48. Rc7+ (48. Rb8 $17) 48... Kb5 49. Rb7+ Kc6 50. Rg7 (50. Rb8 $17 {was necessary.}) 50... Rh5 51. Rxg6 $2 (51. Kg2 Rbxh3 52. Rgd7) 51... Rbxh3+ 52. Kg1 Rh1+ 53. Kf2 R1h2+ 54. Ke1 Re5+ (54... Kb5 $142 55. Rxe6 Kc4) 55. Kd1 Rxd2+ (55... Rh3 $17 56. Rdg2 Kc5) 56. Kxd2 $11 Kc5 57. Kd3 $2 {[%mdl 8192] [#]} (57. Rg4 $11) 57... Rd5+ $1 $19 {Black is clearly winning.} 58. Kc2 {[#]} e5 $1 59. Re6 Kc4 {Precision: White = 31%, Black = 59%.} 0-1

[Event "Kurnosov Memorial Rapid 2018"]
[Site "Chelyabinsk"]
[Date "2018.09.08"]
[Round "7"]
[White "Belyakov, Bogdan"]
[Black "Bocharov, Dmitry"]
[Result "1-0"]
[WhiteElo "2496"]
[BlackElo "2619"]
[Annotator "TA"]
[PlyCount "81"]
[EventDate "2018.09.07"]
[EventType "swiss"]
[EventCountry "RUS"]
[SourceTitle "playchess.com"]
[Source "ChessBase"]
[SourceQuality "1"]

{[%evp 15,81,51,51,50,46,46,45,52,56,55,95,94,107,98,92,93,106,89,143,135,136,131,150,145,192,175,169,159,186,187,195,170,178,165,181,153,159,168,164,120,123,119,116,94,146,114,307,148,174,176,174,162,375,396,500,362,717,764,969,960,921,907,1279,1244,29992,2167,29993,29994]} 1. e4 d6 2. d4 Nf6 3. Nc3 g6 4. f4 Bg7 5. Nf3 O-O 6. Bd3 Nc6 7. O-O Bg4 8. e5 Nd7 {LiveBook: 15 Games} 9. Be4 {B09: Pirc Defence: Austrian Attack} (9. Be3 Nb4 10. Be4 f5 11. Bxb7 Rb8 12. a3 Rxb7 13. axb4 Rxb4 14. Rxa7 Rxb2 15. Qa1 Qb8 16. Ng5 Rxc2 {1-0 (39) Ponizil,C (2480)-Balog,I (2537) Slovakia 2018}) 9... Nb6 10. h3 Bxf3 11. Bxf3 {White is slightly better.} e6 12. a4 $146 {[%cal Ba2a4,Ba4a5][%mdl 32]} ({Predecessor:} 12. Ne2 Qe7 13. c3 a5 14. a4 Nd5 15. Qb3 Nb6 16. Be3 d5 {1-0 (31) Sek,J (2186)-Lukaszek,S (2088) Poland 2007}) 12... a6 {[%cal Rd6e5]} 13. a5 Nc8 14. Ne4 N8e7 15. c3 d5 16. Nc5 b6 (16... Nxa5 $142 17. Rxa5 b6) 17. axb6 $16 cxb6 18. Nd3 ({Don't play} 18. Nxa6 Nf5 $14) 18... f6 19. exf6 Rxf6 20. Qe1 Ra7 21. Be3 Kh8 22. Bf2 Qc8 23. Qe2 Rf8 24. Rfe1 Nd8 25. Bh4 Bf6 26. Bxf6+ Rxf6 27. g4 {Hoping for Qe5.} Kg8 28. Kg2 a5 29. Qe5 Rf7 (29... Rf8 $142) 30. Qg5 Nec6 $2 {[#]} (30... Rf8 $16 31. h4 h6) 31. Re2 (31. f5 $1 $18 {[%mdl 512] and the rest is easy.}) 31... Kg7 32. Rae1 Rf6 33. Qh4 ({Much less strong is} 33. Ne5 $6 h6 $14) 33... Re7 $2 {[#]} (33... Qd7 34. Kg1 Qd6) 34. Bxd5 $1 $18 {[%mdl 512]} a4 (34... exd5 35. Rxe7+) 35. Be4 Rc7 $2 (35... Qd7 36. Ra1 Re8 37. Rxa4 Rff8) 36. d5 exd5 37. Bxd5 {aiming for g5.} Qd7 38. c4 {Threatens to win with g5.} Qd6 39. g5 Rf8 40. Qh6+ Kh8 {[#]} 41. Re7 $1 {[%mdl 512] Precision: White = 66%, Black = 37%.} 1-0

[Event "Kurnosov Memorial Rapid 2018"]
[Site "Chelyabinsk"]
[Date "2018.09.08"]
[Round "7"]
[White "Ovetchkin, Roman"]
[Black "Pridorozhni, Aleksei"]
[Result "0-1"]
[WhiteElo "2489"]
[BlackElo "2659"]
[Annotator "TA"]
[PlyCount "80"]
[EventDate "2018.09.07"]
[EventType "swiss"]
[EventCountry "RUS"]
[SourceTitle "playchess.com"]
[Source "ChessBase"]
[SourceQuality "1"]

{[%evp 24,80,27,22,7,0,41,33,39,43,30,25,61,61,61,63,58,58,75,-45,-54,-41,-8,-12,-8,-61,-61,-61,-61,-50,-56,-61,-63,-80,-67,-91,-59,-156,-109,-84,-80,-78,-88,-225,-217,-277,-239,-491,-488,-494,-494,-663,-652,-757,-754,-864,-863,-821,-779]} 1. d4 d5 2. c4 e6 3. Nf3 c6 4. Qc2 Nf6 5. g3 dxc4 6. Qxc4 b5 7. Qb3 Bb7 8. Bg2 Nbd7 9. O-O {D30: Queen's Gambit Declined: Systems without Nc3} a6 10. Ne5 (10. a4 c5 11. axb5 axb5 12. Rxa8 Qxa8 13. dxc5 Bxc5 14. Qxb5 O-O 15. Nc3 Bc6 16. Ne1 Bxb5 17. Bxa8 Bxe2 18. Nxe2 Rxa8 {0-1 (55) Ibrahimov,R (2518)-Wang,Y (2690) Riadh 2017}) 10... Nxe5 11. dxe5 Nd7 12. Rd1 Qc7 13. Bf4 {LiveBook: 3 Games} Be7 14. Nc3 O-O 15. Ne4 {Nf6+! is the strong threat.} Nc5 16. Nxc5 $1 Bxc5 17. Qc3 $146 Qb6 18. Be3 Bxe3 19. Qxe3 Qxe3 20. fxe3 Rfd8 21. Rd6 ({White should play} 21. b3 $16) 21... Rxd6 $1 $15 22. exd6 {[%mdl 4096] Endgame KRB-KRB} Kf8 23. Rc1 Rc8 $1 24. b4 (24. e4 $11) 24... Ke8 $1 25. e4 f6 $1 26. e5 fxe5 27. Be4 g6 {[%cal Bg7g6,Bg6g5][%mdl 32]} 28. g4 Kd7 29. Rd1 {[#]} a5 $1 {[%mdl 512]} 30. a3 ({Better is} 30. bxa5 $15 Rf8 31. g5) 30... axb4 31. axb4 g5 32. Kg2 h6 33. Kg3 (33. h4 $17) 33... Ra8 $19 34. e3 Ra4 35. Rf1 $2 (35. Rb1) 35... Rxb4 {Black is clearly winning.} 36. Rf7+ Kxd6 37. Bg2 Bc8 38. Rh7 c5 {[%cal Bc6c5,Bc5c4,Bc4c3][%mdl 32]} 39. Rxh6 c4 {[#] Threatens to win with ...c3.} 40. Be4 c3 {Precision: White = 36%, Black = 73%.} 0-1

[Event "Kurnosov Memorial Rapid 2018"]
[Site "Chelyabinsk"]
[Date "2018.09.08"]
[Round "8"]
[White "Artemiev, Vladislav"]
[Black "Bocharov, Ivan"]
[Result "1-0"]
[WhiteElo "2733"]
[BlackElo "2625"]
[Annotator "TA"]
[PlyCount "83"]
[EventDate "2018.09.07"]
[EventType "swiss"]
[EventCountry "RUS"]
[SourceTitle "playchess.com"]
[Source "ChessBase"]
[SourceQuality "1"]

{[%evp 16,83,-3,-8,-6,-6,-6,-22,7,2,19,5,34,0,23,21,27,37,62,53,39,48,61,43,35,26,60,59,68,0,0,0,0,0,57,0,12,31,64,5,77,52,95,94,108,108,125,125,148,154,153,134,354,352,438,105,106,147,422,428,29977,29978,29978,29979,29979,29980,29980,29978,29976,29978]} 1. e4 e5 2. Nf3 Nc6 3. Nc3 Nf6 4. Bb5 Nd4 5. Bc4 Bc5 6. d3 d6 7. h3 {C48: Four Knights: 4 Bb5, replies other than 4...Bb4} (7. Na4 b5 8. Nxd4 bxc4 9. Nf5 Bxf5 10. exf5 cxd3 11. Nxc5 dxc5 12. cxd3 Qd7 13. Qf3 O-O 14. O-O Rfd8 {½-½ (28) Wei,Y (2743)-Caruana,F (2811) Wijk aan Zee 2018}) 7... c6 8. Nxd4 Bxd4 9. Qf3 {LiveBook: 3 Games. The position is equal.} Be6 10. Ne2 $146 ({Predecessor:} 10. Bb3 Nd7 11. Ne2 Bb6 12. Ng3 Qf6 13. Qxf6 Nxf6 14. f4 Bxb3 15. axb3 {½-½ (36) Ferguson,M (2371)-Ledger,D (2285) Birmingham 2000}) 10... Bb6 11. Ng3 Qd7 12. Bg5 Bd8 13. O-O h6 14. Be3 (14. Bxf6 $5 Bxf6 15. Nh5 $14) 14... Bb6 15. Rad1 Rd8 16. Bb3 Qe7 17. Bxb6 axb6 18. Qe3 c5 19. f4 b5 {[%cal Bb6b5,Bb5c4][%mdl 32]} 20. c4 bxc4 21. Ba4+ Kf8 22. f5 (22. dxc4 $1 $14 Bxc4 23. Nf5) 22... Bd7 $1 $11 {[%cal Rd7a4]} 23. Bxd7 Qxd7 24. dxc4 Qc6 ({Better is} 24... b5 $11) 25. Rfe1 (25. b3 $14) 25... Ke7 26. b3 Rhg8 27. Rd2 ({White should play} 27. Qd3 $14) 27... b6 (27... b5 $11 {remains equal.}) 28. Qf3 Rd7 29. a4 Kd8 30. Re3 Kc7 31. Ne2 Kd8 32. Nc3 Ke7 33. Qf2 Rgd8 $2 (33... Kd8 $16 34. Nb5 Ke7) 34. Qh4 $18 Kf8 35. Rg3 $2 (35. Nd5 $18 {and the rest is easy.} Ng8 36. f6) 35... Qa8 $16 36. Rdd3 Qa5 $2 {[%mdl 8192]} (36... Re8 $16 {was called for.} 37. Rxg7 Kxg7 38. Rg3+ Kh7 39. Qxf6 Rg8) 37. Kh2 $18 {Black must now prevent Rxg7.} ({Less strong is} 37. Rxg7 Kxg7 38. Rg3+ Kh7 $18) 37... Qb4 {[#]} (37... Qa8 $18 38. Nd5 (38. Rxg7 Kxg7 39. Rg3+ Kh7 $16) 38... Nxd5) 38. Rxg7 $1 {[%mdl 512] White mates.} Kxg7 39. Rg3+ Kh7 40. Qxf6 {[%csl Gg3][%cal Rf6g7]} Rg8 {[#]} 41. Rxg8 $1 Kxg8 42. Qxh6 {Precision: White = 46%, Black = 25%.} 1-0

[Event "Kurnosov Memorial Rapid 2018"]
[Site "Chelyabinsk"]
[Date "2018.09.08"]
[Round "8"]
[White "Andreikin, Dmitry"]
[Black "Iskusnyh, Sergei"]
[Result "0-1"]
[WhiteElo "2731"]
[BlackElo "2476"]
[Annotator "TA"]
[PlyCount "114"]
[EventDate "2018.09.07"]
[EventType "swiss"]
[EventCountry "RUS"]
[SourceTitle "playchess.com"]
[Source "ChessBase"]
[SourceQuality "1"]

{[%evp 24,114,29,17,5,23,17,0,0,0,0,-16,3,-11,-13,-10,-10,-9,-7,-4,-6,-15,-8,-43,-9,-40,-7,-8,0,-8,-2,-9,-9,-16,0,-9,0,-20,-23,-53,-45,-100,-91,-114,-81,-161,-164,-181,-168,-237,-225,-221,-75,-60,0,-104,-62,-67,-67,-135,-98,-111,-111,-116,-97,-95,-91,-243,-248,-257,-261,-357,-375,-400,-416,-412,-410,-409,-402,-390,-379,-565,-472,-468,-441,-570,-562,-543,-534,-786,-879,-2705,-1742]} 1. e4 e6 2. d4 d5 3. Nd2 c5 4. Ngf3 cxd4 5. Nxd4 Nc6 6. Bb5 Bd7 7. Nxc6 bxc6 8. Bd3 Qc7 9. Qe2 {C07: French Tarrasch: 3...c5, 4 Ngf3 and 4 exd5 Qxd5} Ne7 (9... Bd6 10. Nf3 dxe4 11. Qxe4 Nf6 12. Qh4 h6 13. Bd2 c5 14. O-O-O Rb8 15. Rhe1 Bc6 16. Bc3 Bxf3 17. gxf3 {1-0 (42) McShane,L (2644)-Howell,D (2702) Llandudno 2017}) 10. Nf3 Ng6 11. O-O Bd6 12. Re1 Nf4 13. Bxf4 {LiveBook: 13 Games} Bxf4 14. g3 Bd6 15. c4 {[#]} dxc4 $146 ({Predecessor:} 15... O-O 16. Rac1 Qa5 {0-1 (64) Erenburg,S (2569)-Lenderman,A (2581) Bethesda 2016}) 16. Bxc4 O-O 17. h4 Rfd8 18. e5 Be7 19. Bd3 Rab8 20. Qc2 g6 21. h5 {[%cal Rh5g6]} Be8 22. hxg6 hxg6 23. Re4 Rb4 24. Kg2 Rxe4 25. Bxe4 Bf8 26. Qc1 Bg7 27. Qf4 Rb8 {[%cal Bd8b8,Bb8b4,Bb4a4,Ba4a2,Ba2b2][%mdl 32]} 28. b3 Rb4 29. Re1 c5 30. Qd2 a5 31. Kg1 a4 32. bxa4 (32. Qe3 $15) 32... Rxa4 $17 33. Qc2 Qa5 34. Rc1 (34. Qb1 $17 {was necessary.}) 34... Bh6 $19 35. Rd1 Rxa2 36. Qb1 (36. Qb3 $142 Kg7 37. Rd6) 36... Qa4 37. Nh2 Bg7 (37... Kg7 $19 38. Nf3 Re2) 38. Ng4 $17 {[#]} Rb2 $1 {[%mdl 512]} 39. Qd3 (39. Qc1 $1 $11 {remains equal.}) (39. Qxb2 Qxd1+) 39... Rb4 40. Re1 $1 Rd4 $36 {[%mdl 2048] Black is more active.} 41. Qe3 (41. Qf3 $1 $15) 41... Rd1 42. Kg2 Rxe1 43. Qxe1 Qd4 44. Bf3 c4 {[%cal Bc5c4,Bc4c3][%mdl 32] Hoping for ...c3.} 45. Qa5 $2 (45. Qb4 $17) 45... c3 $19 46. Qa8 {[#]} Qd7 $1 {aiming for ...c2.} 47. Be4 Qa4 48. Ne3 Qxa8 49. Bxa8 Bxe5 {[%mdl 4096] Endgame KBB-KBN} 50. Be4 Bd4 {Strongly threatening ...Bxe3.} 51. Nc2 Bc5 52. Kf3 (52. Ne1 {is a better defense.}) 52... Bb5 {Black is clearly winning.} 53. Ne1 f5 54. Bc2 e5 {[%cal Be6e5,Be5e4][%mdl 32]} 55. g4 e4+ 56. Kf4 Bxf2 57. Ng2 Bf1 {Precision: White = 34%, Black = 59%.} 0-1